| 000 | 00439cam a2200169ua 4500 | ||
|---|---|---|---|
| 003 | OSt | ||
| 008 | 250812b |||||||| |||| 00| 0 eng d | ||
| 020 | _a81-7336-256-4 | ||
| 041 | _aeng | ||
| 082 |
_a627.01 _bNIG/WA |
||
| 100 |
_aNigam, P.S . _97661 |
||
| 245 | _aWater resources development and planning, Vol 2 / | ||
| 250 | _a1 / | ||
| 260 |
_a : _bCentral board of irrigation and power , _c1994. |
||
| 300 | _a598 ; . | ||
| 942 | _cBK | ||
| 999 |
_c2207 _d2207 |
||